00986 2200337 4500001002100000005001500021035002500036007000300061008004100064020002200105040001700127041000800144082001600152084001800168090002200186090002200208100003400230245008300264250001100347260003800358300002600396500006400422504003100486650002800517700001400545700001100559850001200570999002200582990002200604990002200626INLIS00000000003357520191003113912 a0010-021800000000301ta180219s2017 yoi g ind d a978-602-50523-3-0 aYOPDYOGbind0 aind04223a303.484 a303.484 HAM k aDEP 303.484 HAM k aCB-D.11 2017-10550 aHamzah Harun Al Rasyidd1962-1 aKekerasan atas nama agama /cHamzah Harun Al Rasyid, Saprillah; editor, Sabara aCet. 13 aYogyakarta :bLintas Nalar,c2017 ax, 205 hlm. ;c21 cm. aDiterbitkan bekerjasama dengan Balai Litbang Agama Makassar aBibliografi : hlm. 201-202 4aRadikal dan radikalisme0 aSaprillah0 aSabara aYOPDYOG aCB-D.11/2017-1055 aCB-D.11/2017-1055 aCB-D.11/2017-1055